Summa theologiae

Uloženo v:
Podrobná bibliografie
Hlavní autor: Tomás de Aquino 1220-1274 Santo (Autor)
Médium: Kniha
Jazyk:latina
Vydáno: Turín Marietti 1952
Témata:
Tagy: Přidat tag
Žádné tagy, Buďte první, kdo vytvoří štítek k tomuto záznamu!

MARC

LEADER 00000nam a2200000 a 4500
001 UCZ5626
003 CL-VaPUC
008 951124e19520000IT |||||||||||||||||lat|d
082 0 4 |a 189.4  |b TOM  |2 21 
100 |a Tomás de Aquino  |d 1220-1274  |c Santo  |e author  |9 255832 
245 1 0 |a Summa theologiae 
300 |a v 
942 |c BK 
945 |d 19951124 00:00:00  |a cmena 
260 |a Turín  |b Marietti  |c 1952 
600 0 |a Dios  |9 314467 
650 0 |a Escolasticismo  |9 264998 
650 0 |a Tomismo  |9 259214 
650 0 |a Filosofía medieval  |9 256245 
650 0 |a Teología   |9 258766 
583 |a last modification  |c 19951124 00:00:00  |k Rodrigo Vera 
999 |c 241917  |d 241915 
952 |0 0  |1 0  |4 0  |6 189_400000000000000_TOM_1952  |7 0  |8 P  |9 254562  |a BIBEDU  |b BIBEDU  |c BIBEDU_PB  |d 2019-11-19  |h v.2 p.2  |i 1579282  |o 189.4 TOM 1952  |p 1579282  |r 2024-01-25  |w 2019-11-19  |y BK  |k FIL 
952 |0 0  |1 0  |4 0  |6 189_400000000000000_TOM_1952  |7 0  |8 P  |9 254563  |a BIBEDU  |b BIBEDU  |c BIBEDU_PB  |d 2019-11-19  |h v.3 p.3  |i 1579290  |o 189.4 TOM 1952  |p 1579290  |r 2024-01-25  |w 2019-11-19  |y BK  |k FIL 
952 |0 0  |1 0  |4 0  |6 189_400000000000000_TOM_1952  |7 0  |8 P  |9 254564  |a BIBEDU  |b BIBEDU  |c BIBEDU_PB  |d 2019-11-19  |h v.16  |i 1579304  |o 189.4 TOM 1952  |p 1579304  |r 2024-01-25  |w 2019-11-19  |y BK  |k FIL 
952 |0 0  |1 0  |4 0  |6 189_400000000000000_TOM_1952  |7 0  |8 P  |9 254565  |a BIBEDU  |b BIBEDU  |c BIBEDU_PB  |d 2019-11-19  |h v.1  |i 1622269  |o 189.4 TOM 1952  |p 1622269  |r 2024-01-25  |w 2019-11-19  |y BK  |k FIL 
952 |0 0  |1 0  |4 0  |6 189_400000000000000_TOM_1952  |7 0  |8 A  |9 254566  |a BIBTEO  |b BIBTEO  |d 2019-11-19  |h v.5  |i 4215648  |o 189.4 TOM 1952  |p 4215648  |r 2025-01-17  |w 2019-11-19  |y BK  |k ICR